000 01073cam a2200301 a 4500
005 20260322212023.0
008 data
010 _a 2006053501
020 _a9780743292856 (alk. paper)
020 _a0743292855 (alk. paper)
040 _aDLC
_cDLC
_dDLC
043 _an-usu--
050 0 0 _aTX715.2.S68
_bD438 2007
082 0 0 _aB
_aB
_222
100 1 _aDeen, Paula H.,
_d1947-
245 1 0 _aPaula Deen :
_bit ain't all about the cookin' /
_cPaula H. Deen & Sherry Suib Cohen.
260 _aNew York :
_bSimon & Schuster,
_cc2007.
300 _axi, 287 p. :
_bill. ;
_c25 cm.
500 _aIncludes index.
600 1 0 _aDeen, Paula H.,
_d1947-
650 0 _aCooks
_vBiography.
650 0 _aCookery, American
_xSouthern style.
700 1 _aCohen, Sherry Suib.
856 4 2 _3Publisher description
_uhttp://www.loc.gov/catdir/enhancements/fy0708/2006053501-d.html
856 4 1 _3Sample text
_uhttp://www.loc.gov/catdir/enhancements/fy0708/2006053501-s.html
856 4 1 _3Table of contents only
_uhttp://www.loc.gov/catdir/enhancements/fy0708/2006053501-t.html
001 data
999 _c518
_d518